| 000 | 005030000a22001690004500 | ||
|---|---|---|---|
| 041 | 0 | _aENG | |
| 082 | 0 | 4 | _aG 266.008 I61162g |
| 110 | 1 | _aThe eighth Inter-Varsity Missionary Convention | |
| 245 | 1 | 0 | _aGod's men : From all nations to all nations / Inter-Varsity Missionary Convention |
| 260 | _aChicago, ILL., USA : InterVarsity | ||
| 300 | _a351 Pag | ||
| 001 | 7421 | ||
| 942 | _cBK | ||
| 999 |
_c37635 _d37635 |
||
| 336 |
_atexto _btxt _2rdacontent |
||
| 337 |
_2rdamedia _asin mediación _bn |
||
| 338 |
_2rdacarrier _avolumen _bnc |
||